On This Day: November 25th Quiz Stats

 Plays Quiz Updated Nov 25, 2017

Challenge
Share
Tweet
Embed
Score 0/7 Timer 03:00
0 Plays Today
Question Answer Wrong Answers
Elián González, a 5-year-old ______ boy, is rescued by fishermen while floating in an inner tube off the Florida coast, sparking a heated international custody battle.
1999
Cuban
89.1%
Mexican
4.9%
Dominican
2.7%
Jamaican
1.2%
Known as the ‘Hollywood Ten’, a group of screenwriters and directors are blacklisted by Hollywood movie studios after refusing to answer questions about their alleged involvement with the ______.
1947
Communist Party
86.4%
American Mafia
4.4%
Nazi Party
6.3%
Sugar House Gang
1.5%
Prince Carl of Denmark arrives in this country, becoming King Haakon VII.
1905
Norway
83.5%
Germany
3.4%
Poland
4.5%
Greece
7.6%
This Scottish-American businessman and well-known philanthropist, a pioneer of the American steel industry, is born.
1835
Andrew Carnegie
77.9%
John D. Rockefeller
15.3%
Andrew W. Mellon
2.9%
Henry Ford
3.5%
Thirty-six top musicians gather in a Notting Hill studio and record Band Aid’s ‘______’ in order to raise money for famine relief in Ethiopia.
1984
Do They Know It's Christmas?
76.1%
Silent Night
4.1%
Joy to the World
16.6%
Hark! The Herald Angels Sing
1.3%
The last British troops leave New York City, three months after the signing of the Treaty of ______.
1783
Paris
72.3%
London
6.7%
Boston
13.3%
Vienna
7.6%
Suriname gains independence from this country.
1975
Netherlands
52.7%
United States
1.9%
Portugal
29.8%
Brazil
13.9%

Today's Daily Dose

Word Ladder
Homophones Ate

Quick Pick
RGB Colors

On This Day
August 18th II

You're not logged in!

Compare scores with friends on all Sporcle quizzes.
Join for Free
OR
Log In

You Might Also Like...

Show Comments

Extras

Top Quizzes Today


Score Distribution

Your Account Isn't Verified!

In order to create a playlist on Sporcle, you need to verify the email address you used during registration. Go to your Sporcle Settings to finish the process.

Report this User

Report this user for behavior that violates our Community Guidelines.

Details: